Поетика публіцистичного тексту (на матеріалі творчості Олеся Гончара) (Запис № 572237)

МАРК-запис
000 -Лідер
fixed length control field 01103 a2200253 4500
003 - Ідентифікатор контрольного номера
control field UA-OsUOA
005 - Дата та час останнього входження (трансакції)
control field 20220314110700.0
008 - Елементи даних фіксованої довжини – загальна інформація
fixed length control field 220216b un ||||| |||| 00| 0 ukr d
020 ## - Міжнародний стандартний книжковий номер (ISBN)
Міжнародний стандартний книжковий номер (ISBN) (НП) 9666501953
040 ## - Джерело каталогізації
Агенція оригінальної каталогізації UA-OsUOA
Мова каталогізації ukr
Агенція, яка здійснювала перезапис UA-OsUOA
Агенція, яка здійснювала модифікацію UA-OsUOA
041 ## - Код мови
Код мови тексту/ звукової доріжки чи окремого заголовка (П) ukr
080 ## - Індекс Універсальної десяткової класифікації
Індекс Універсальної десяткової класифікації (УДК) (НП) 82.09(477):070
090 ## - Локальний шифр розміщення
Класифікаційний індекс УДК 82.09(477):070
Авторський знак (НП) Г15
100 ## - Основне введення – ім’я особи
Ім’я особи (НП) Галич В.
110 ## - Наймення організації – загальна інформація
Найменування колективу або юрисдикції як початковий елемент введення Міністерство освіти і науки України
245 ## - Відомості про назву
Назва (НП) Поетика публіцистичного тексту (на матеріалі творчості Олеся Гончара)
Дані про відповідальність (НП) Валентина Галич
Решта назви (НП) навчальний посібник
260 ## - Публікація, розповсюдження і т.п. (Вихідні дані)
Місце публікації, розповсюдження і т.п. (П) К.
Ім’я/ наймення видавництва, розповсюджувача і т.п. (П) Шлях
Дата публікації, розповсюдження і т.п. (П) 2006
300 ## - Фізичний опис
Обсяг 200 с.
650 ## - Додаткове предметне введення – тематичний термін
Джерело заголовка чи терміна UDC
Тематичний термін чи географічна назва, як елемент введення (НП) 82 Література. Літературознавство
710 1# - Додаткове введення – наймення організації
Наймення організації або юрисдикції, як елемент введення Львівський національний університет імені Тараса Шевченка
942 ## - Додаткові елементи входу (Коха)
Тип елемента Koha Книги
Source of classification or shelving scheme Universal Decimal Classification
955 ## - Код типу видання за змістом
Код типу видання за змістом (НП) Навчальні видання
Фонди
Стан вилучень Стан втрат Джерело класифікації або схеми стелажів Стан уражень Не для кредиту Постійне місце розташування Поточне розміщення Дата придбання Джерело придбання Вартість, звичайна ціна покупки Усього замовленно Повний номер виклику Штрих-код Дата останнього перегляду Вартість, ціна заміни Ціна ефективна від Тип елемента Koha
    Universal Decimal Classification     АБ - Абонемент НБ АБ - Абонемент НБ 16/02/2022 №7/08.02.22 35.00   82.09(477):070 Г15 164455 16/02/2022 35.00 16/02/2022 Книги